The god Dagan in Bronze Age Syria /

محفوظ في:

المؤلف الرئيسي: Feliu, Lluis, 1965- (مؤلف)

مؤلفون آخرون: Watson, Wilfred G. E.

التنسيق: كتاب

اللغة: English
Catalan

منشور في: Leiden ; Boston : Brill, 2003.

سلاسل: Culture and History of the ancient Near East, 19.
CHANE ; 19.

الموضوعات:

الوسوم: إضافة وسم

لا توجد وسوم, كن أول من يضع وسما على هذه التسجيلة!

رقم الطلب: DS41 .C85 v.19

LEADER 01603namaa2200373 4500
001 12415
003 OSt
005 20241003080728.0
008 190926s2003 ne b b 001 0 eng d
952 |0 0  |1 0  |2 lcc  |3 V.19  |4 0  |6 DS0041 C85 V.00019  |7 1  |9 11804  |a ARCE  |b ARCE  |d 2021-04-15  |l 0  |o DS41 .C85 v.19  |p 1017694  |r 2021-04-15 00:00:00  |w 2021-04-15  |y BK 
999 |c 10943  |d 10943 
020 |a 9004131582 
040 |c ARCE Library 
041 1 |a eng  |h cat 
043 |a a-sy--- 
050 4 |a DS41 .C85 v.19 
100 1 |a Feliu, Lluis,  |d 1965-  |e author  |9 29945 
245 1 4 |a The god Dagan in Bronze Age Syria /   |c by Lluis Feliu ; translated by Wilfred G. E. Watson. 
264 1 |a Leiden ;  |a Boston :  |b Brill,  |c 2003. 
300 |a viii, 356 pages :  |b map ;  |c 25 cm. 
490 1 |a Culture and History of the ancient Near East,   |x 1566-2055 ;   |v 19. 
490 1 |a CHANE ;   |v 19. 
500 |a Translation of the original typescript in Catalan. 
500 |a Updated revision of the author's thesis (doctoral -- Barcelona), 2000. 
504 |a Includes bibliographical references (pages [318]-343) and indexes. 
505 0 |a Ch. 1. Introduction -- Ch. 2. The Pre-Sargonic Period -- Ch. 3. The Sargonic and Ur III Periods -- Ch. 4. The Old Babylonian Period -- Ch. 5. The Middle Babylonian Period -- Ch. 6. The Character of Dagan.  
650 0 |a Bronze age  |z Syria. 
650 0 |a Dagan (Semitic deity)  |9 5810 
651 0 |a Syria  |x Religion. 
700 1 |a Watson, Wilfred G. E. 
830 0 |a Culture and History of the ancient Near East,   |x 1566-2055 ;   |v 19. 
830 0 |a CHANE ;   |v 19. 
901 |a reviewed 
942 |c BK  |2 lcc